000 00489cam a2200181ua 4500
001 193
008 110323n ii |||gr||||Z||||||asm
040 _cMAIN
082 _a301.095416
100 _aDoley, Durgeswer,
_eAuthor.
245 1 _aUttar-pub bharatar samajtattvik adhyayan
_cby Durgeswer Doley
250 _a1st.
260 _aDibrugarh:
_bKaustubh prakashan,
_c2003.
300 _a138p.:0cm.
653 _aSociology
653 _aSociological study on North-east India
942 _cBK
999 _c168
_d168